00900nam a22002057a 4500003000900000005001700009008002900026020001500055040002200070082002600092245011000118260003700228300002000265490002900285500004300314505020400357650006300561650004800624700002200672DO-SdBNP20231101095609.0171128b1996 sp 00| 0 spa d a8473561309 aBPMSUbspacBPMSU 4a510.7bM294p 199622200aManual para la matemática universitaria : banálisis matemático /cRafael Paniagua ... [et al.].f  aMadrid :bEdiciones Esic, c1996 a v. ; c24 cm0 aColección universidad  3La biblioteca tiene existencia el v.20 av.1 Desde Sucesiones y límite de sucesiones hasta series numéricas. -- v.2 Desde Funciones reales de varias variables reales hasta aplicaciones de las derivadas de funciones de varias variables.  4aMatemáticas xEnseñanza superior vLibros de textod  4aAnálisis matemático vLibros de texto. 1 a Paniagua, Rafael